Responses for Show #7298 - Wednesday, May 11, 2016

2016 Teachers Tournament semifinal game 3.
From DAR Constitution Hall in Washington, D.C.

Contestants

[<< previous game]

Lauren Gilmore, a high school history teacher from Lake Wales, Florida

Cory Harris, a high school English teacher from Mystic, Connecticut

Jason Sterlacci, a 6th grade English teacher from Somerset, New Jersey

[next game >>]

Jeopardy! Round responses

MANY RIVERS TO CROSS
DIVISION I SPORTS TEAMS
(Alex: You have to identify the school for us.)
STOPPED BREATHING IN THE 1800s
(Alex: They die.)
A++
(Alex: Each correct response will start with the letter A and be followed by two other letters. Short words, in other words.)
DRINKS IN THE FRIDGE
DODGE PODGE
(Alex: Each response will be the name of a 2016 Dodge model.)
    $200 6
the Seine

Cory
    $200 1
Villanova

Cory
    $200 14
Alexander Hamilton

Jason
    $200 30
ace

Cory
    $200 21
iced tea

Jason
    $200 16
a Charger

Jason
    $400 7
the Missouri

Jason
    $400 2
Penn State

Jason
    $400 11
Audubon

Cory
    $400 29
à la

Jason
    $400 22
a camel

Jason
    $400 17
a Dart

Jason
    $600 8
the Indus

Jason
    $600 3
Arizona State

Cory
    $2,400 12
(Cory: Let's go big or go home--True Daily Double.)
...
(Alex: Sad day in that family.)

Karl Marx

Cory
    $600 27
the asp

Jason
    $600 23
Red Bull

Lauren
    $600 18
a Challenger

Jason
    $800 9
(Cory: Uh, what is Edinburgh?)

Glasgow

CoryLauren
    $800 4
Texas Christian (TCU)

Jason
    $800 10
(Jason: Who is Perry?)

(Cornelius) Vanderbilt

JasonCory
    $800 26
ale

Cory
    $800 24
(Cory: What is mead?)
[Initially ruled incorrect; reversed before Double Jeopardy! when "[d]uring the commercial break, our researchers discovered that the Norse gods did drink pineapple mead"]

nectar

Cory
    $800 19
a Journey

Jason
    $1000 13
the Caspian Sea

Cory
    $1000 5
Syracuse

Cory
    $1000 15
Stephen Douglas

Jason
    $1000 25
arc

Triple Stumper
    $1000 28
(Jason: What is Capri Sun?)
(Cory: What is Kool-Aid?)

Hawaiian Punch

JasonCory
Triple Stumper
    $1000 20
[Applause for Jason's run of the category]
(Alex: You know your Dodge models. Well done.)
(Jason: Apparently.)
(Alex: You're a shade off the lead as a result.)

a Durango

Jason

Scores at the first commercial break (after clue 15):

Jason Cory Lauren
$2,600 $5,800 $800

Scores at the end of the Jeopardy! Round:

Jason Cory Lauren
$6,200 $6,600 $1,400

Double Jeopardy! Round responses

TALK ABOUT THE WEATHER
THE VIETNAM WAR ERA
LATIN CLASS
LITERARY GROUPS
OFFICIAL LANGUAGES
WHY DO I KNOW THAT NAME?
    $400 27
humidity

Cory
    $400 23
the Tonkin

Lauren
    $400 21
et cetera

Lauren
    $400 13
the Lost Generation

Lauren
    $400 2
Arabic

Jason
    $400 20
Daniel Craig

Lauren
    $800 28
sleet

Lauren
    $800 24
Bob Hope

Cory
    $800 14
per diem

Lauren
    $800 9
(Jack) Kerouac

Lauren
    $800 3
English

Jason
    $800 19
Kendrick Lamar

Cory
    $1200 30
a front

Jason
    $1200 26
swift boats

Cory
    $1200 12
this is war

Jason
    $1200 8
(Alex: Cory, you knew that. You didn't ring in. Go again.)

the Cavaliers

Triple Stumper
    $1200 4
Spanish

Jason
    $1200 18
Sarah Jessica Parker

Jason
    $1600 29
lightning

Triple Stumper
    $9,700 25
(Alex: Cory?)
(Cory: Who is...)
(Alex: Pick a name.)
(Cory: Oh... Johnson.)

Eugene McCarthy

Cory
    $1,000 11
bread and circuses

Lauren
    $1600 7
Emerson

Cory
    $1600 5
French

Lauren
    $1600 17
George Strait

Triple Stumper
    $2000 15
squall

Triple Stumper
    $2000 22
Westmoreland

Jason
    $2000 10
in situ

Triple Stumper
    $2000 6
the Rossetti

Triple Stumper
    $2000 1
(Lauren: What is English?)

Swahili

JasonLauren
    $2000 16
Immanuel Kant

Triple Stumper

Scores at the end of the Double Jeopardy! Round:

Jason Cory Lauren
$16,200 $1,700 $6,000
(lock game)

[wagering suggestions for these scores]

Final Jeopardy! Round responses

STATE SONGS
(Alex: [To Jason] Yes. "Patriotic gore" rhymes with Baltimore. You're gonna be a finalist. Come on over here. Congratulations to you.)
(Jason: Thank you, Alex.)
(Alex: So, it's not gonna be an all-woman final. These are your two opponents.)
(Kaberi: Kaberi Chakrabarty, Joliet, Illinois.)
(Jill: Jill Gilbert, Des Moines, Iowa.)
(Alex: And they're gonna be here tomorrow to play for $100,000. You don't want to miss it. So long, everybody.)
CoryWhat is Maine? MI
$125
LaurenWhat is ?
$0
JasonWhat is Maryland?
$0
Maryland

Final scores:

Jason Cory Lauren
$16,200 $1,575 $6,000
Finalist 3rd place: $10,000 2nd place: $10,000

Game dynamics:

Coryat scores:

Jason Cory Lauren
$16,200 $9,600 $6,600
23 R,
2 W
16 R
(including 1 DD),
3 W
(including 1 DD)
11 R
(including 1 DD),
1 W

Combined Coryat: $32,400

[game clues] [game scores] [suggest correction]

Game tape date: 2016-04-10
The J! Archive is created by fans, for fans. Scraping, republication, monetization, and malicious use prohibited; this site may use cookies and collect identifying information. See terms. The Jeopardy! game show and all elements thereof, including but not limited to copyright and trademark thereto, are the property of Jeopardy Productions, Inc. and are protected under law. This website is not affiliated with, sponsored by, or operated by Jeopardy Productions, Inc. Join the discussion at JBoard.tv.